To the most honourable assembly of knights, citizens, and burgesses of the House of Parliament : the humble petition of the adventurers in the ship called the Pearle.

Bibliographic Details
Corporate Authors: Pearle (Ship), England and Wales. Parliament
Format: eBook
Language:English
Published: [London : publisher not identified, 1621?]
Series:Early English books online.
Subjects:
Online Access:Connect to the full text of this electronic book

MARC

Tag First Indicator Second Indicator Subfields
LEADER 00000nam a2200000Ia 4500
001 in00004204621
005 20200806091820.0
006 m g d
007 cr bn |||a|bb|
008 920206s1621 enk o 00| | eng d
035 |a (OCoLC)25224474 
040 |a EBL  |c EBL  |d WaOLN 
037 |a CL0036000056  |b ProQuest. 789 E. Eisenhower Parkway, Ann Arbor, MI 48108-3218 
043 |a a-io--- 
090 |a JX4446  |b .P42 1621 
049 |a UMIA 
110 2 |a Pearle (Ship) 
245 1 0 |a To the most honourable assembly of knights, citizens, and burgesses of the House of Parliament :  |b the humble petition of the adventurers in the ship called the Pearle. 
260 |a [London :  |b publisher not identified,  |c 1621?] 
300 |a 1 online resource (1 broadside. 
336 |a text  |b txt  |2 rdacontent 
337 |a computer  |b c  |2 rdamedia 
338 |a online resource  |b cr  |2 rdacarrier 
500 |a A complaint that they have been deprived of their goods or the value thereof since April 1615.--Cf. (2nd edition) 
500 |a Place and date of publication suggested by STC (2nd edition). 
500 |a Reproduction of original in the Guildhall Library (London, England). 
510 4 |a STC (2nd edition)  |c 19519 
533 |a Electronic reproduction.  |b Ann Arbor, Mich. :  |c UMI,  |d 1999-  |f (Early English books online)  |n Digital version of: (Early English books, 1475-1640 ; 1857:20)  |7 s1999 miun s 
650 0 |a Pirates  |z East Indies. 
650 0 |a Maritime law  |v Cases. 
710 1 |a England and Wales.  |b Parliament. 
830 0 |a Early English books online. 
856 4 0 |u http://proxy.library.tamu.edu/login?url=https://search.proquest.com/docview/2240925668  |z Connect to the full text of this electronic book  |t 0 
999 f f |s 5bff8a27-acf1-339d-ac2d-9dad03c64a1e  |i 92c261f4-413e-39cc-b61b-bbb6c67bf929  |t 0 
952 f f |a Texas A&M University  |b College Station  |c Electronic Resources  |d Available Online  |t 0  |e JX4446 .P42 1621  |h Library of Congress classification 
998 f f |a JX4446 .P42 1621  |t 0  |l Available Online